Aéroports les plus fréquentés d'Europe - Statistiques

Statistiques générales
  • Ce quiz a été pris 215 fois
  • Le résultat moyen est 42 sur 50
Statistiques - réponses
Nombre de passagers Pays Aéroport de/d' % Correct
61 735 000 passagers Espagne Adolfo-Suárez de Madrid-Barajas
99%
71 710 000 passagers Pays-Bas Amsterdam-Schiphol
99%
52 690 000 passagers Espagne Barcelone-El Prat
99%
46 575 000 passagers Angleterre Londres-Gatwick
99%
80 885 000 passagers Angleterre Londres-Heathrow
99%
76 150 000 passagers France Paris-Charles-de-Gaulle
99%
31 850 000 passagers France Paris-Orly
99%
52 580 000 passagers Turquie Istanbul
97%
43 535 000 passagers Italie Léonard-de-Vinci de Rome Fiumicino
97%
18 215 000 passagers Angleterre Londres-Luton
97%
28 125 000 passagers Angleterre Londres-Stansted
97%
49 440 000 passagers Russie Moscou-Cheremetievo
97%
28 250 000 passagers Russie Moscou-Domodedovo
97%
24 005 000 passagers Russie Vnoukovo (Moscou)
97%
31 665 000 passagers Autriche Vienne-Schwechat
95%
13 860 000 passagers Italie Bergame-Orio al Serio
94%
32 910 000 passagers Irlande Dublin
94%
47 945 000 passagers Allemagne Franz-Josef-Strauß de Munich
94%
31 175 000 passagers Portugal Humberto Delgado de Lisbonne
94%
28 850 000 passagers Italie Milan Malpensa
94%
24 230 000 passagers Allemagne Otto-Lilienthal de Berlin-Tegel
93%
31 510 000 passagers Suisse Zurich
91%
25 575 000 passagers Grèce Athènes Elefthérios-Venizélos
90%
26 365 000 passagers Belgique Bruxelles-National
90%
30 260 000 passagers Danemark Copenhague
90%
70 560 000 passagers Allemagne Francfort-Rhin/Main
89%
16 075 000 passagers Turquie Istanbul-Atatürk
88%
29 415 000 passagers Angleterre Manchester
88%
28 595 000 passagers Norvège Oslo-Gardermoen
88%
17 930 000 passagers Suisse Genève
86%
21 865 000 passagers Finlande Helsinki-Vantaa
85%
25 645 000 passagers Suède Stockholm-Arlanda
85%
15 260 000 passagers Ukraine Kiev Boryspil
84%
18 870 000 passagers Pologne Varsovie-Chopin
84%
16 175 000 passagers Hongrie Budapest-Frenc Liszt
81%
17 805 000 passagers Tchéquie Prague-Václav-Havel
81%
11 740 000 passagers France Lyon-Saint-Exupéry
79%
13 110 000 passagers Portugal Porto-Francisco Sá-Carneiro
78%
14 485 000 passagers France Nice-Côte d'Azur
77%
19 585 000 passagers Russie Pulkovo (Saint-Pétersbourg)
76%
14 710 000 passagers Roumanie Bucarest-Henri-Coandă
74%
17 310 000 passagers Allemagne Helmut-Schmidt de Hambourg
74%
14 750 000 passagers Écosse Édimbourg
65%
19 860 000 passagers Espagne Malaga-Costa del Sol
63%
12 370 000 passagers Allemagne Konrad-Adenaueur de Cologne/Bonn
57%
29 725 000 passagers Espagne Palma de Majorque
54%
25 510 000 passagers Allemagne Düsseldorf
53%
12 650 000 passagers Angleterre Birmingham
46%
12 725 000 passagers Allemagne Stuttgart
44%
15 050 000 passagers Espagne Alicante-Elche
32%
Aucun quiz correspondant
Distribution des résultats
% des personnes avec chaque résultat
Percentile par nombre de réponses
Votre historique - résultats
Vous n’avez pas pris ce quiz